| 000 | 01060nam a22002897a 4500 | ||
|---|---|---|---|
| 005 | 20191224042240.0 | ||
| 008 | 160309b2007 it ad fr|||| 00| 0 spa d | ||
| 020 | _a9789290437574 | ||
| 040 |
_aCO-BoIAVH _cCO-BoIAVH |
||
| 041 | 0 | _aspa | |
| 044 | _ack | ||
| 082 | 0 | 4 |
_a333.953416 _bK15m |
| 100 | 1 | _aKameswara Rao, N. | |
| 245 | 1 | 0 |
_aManual para el manejo de semillas en bancos de germoplasma / _cN. Kameswara Rao [y otros 5] |
| 260 |
_aRoma (Italia) : _bBiodiversity International, _c2007. |
||
| 300 |
_a165 páginas : _bilustraciones y tablas ; _c24 x 17 centímetros _e+ 1 CD-ROM |
||
| 490 | 0 |
_aManuales para bancos de germoplasma ; _v8 |
|
| 650 | 6 | _aGermoplasma | |
| 650 | 6 |
_aSemillas _xManejo _vManuales, guías, etc. |
|
| 650 | 6 |
_aGermoplasma _vMonitoreo _xManuales, guías, etc. |
|
| 700 | 1 |
_aHanson, Jean _eautor |
|
| 700 | 1 |
_aEhsan Dulloo, M. _eautor |
|
| 700 | 1 |
_aGhosh, Kakoli _eautor |
|
| 700 | 1 |
_aNowell, David _eautor |
|
| 700 | 1 |
_aMichael Larinde _eautor |
|
| 942 |
_2ddc _cLIBRO |
||
| 999 |
_c18207 _d18207 |
||